| 000 | 01057nam a2200229Ii 4500 | ||
|---|---|---|---|
| 003 | JO-AjNU | ||
| 005 | 20240623131225.0 | ||
| 008 | 230605s9999||||xx |||||||||||||| ||und|| | ||
| 040 |
_aJO-AjNU _bara _erda _cJO-AjNU |
||
| 041 | _aara | ||
| 050 | 1 | 4 | _aHG8054.5 1997 |
| 100 | 3 |
_aبني حمدان، خالد محمد طلال ؛ اشراف سعد زناد دروش الحياوي, _eauthor _957331 |
|
| 245 | 0 | 0 | _aواقع إدارة الخطر في الشركات الصناعية الأردنية والعوامل المؤثرة فيه : دراسة تحليلية لأراء عينة من مدراء الشركات الصناعية المساهمة في الأردن |
| 264 | 3 | 1 | _a 1997 |
| 300 | _a200 ورقة | ||
| 336 |
_atext _btxt _2rdacontent |
||
| 337 |
_aunmediated _bn _2rdamedia |
||
| 338 |
_avolume _bnc _2rdacarrier |
||
| 500 | _a رسالة جامعية، جامعة بغداد، 1997 ، المصادر ص157-161 ؛ الملاحق ص 163-200، | ||
| 650 | 4 |
_aادارة الخطر- الشركات الصناعية _957332 |
|
| 942 |
_2lcc _cTHS |
||
| 999 |
_c29251 _d29251 |
||